[Event "Festival"]
[Site "?"]
[Date "2016.02.17"]
[Round "2.3"]
[White "Fier, Alexandr"]
[Black "Maisuradze, Nino"]
[Result "1-0"]
[LiveChessVersion "1.4.7"]
[BlackElo "2302"]
[WhiteElo "2608"]

1. e4 {[%clk 1:30:57]} e5 {[%clk 1:29:47]} 2. Nf3 {[%clk 1:30:56]} d6
{[%clk 1:30:02]} 3. d4 {[%clk 1:31:19]} exd4 {[%clk 1:30:29]} 4. Nxd4
{[%clk 1:31:42]} Nf6 {[%clk 1:28:26]} 5. Nc3 {[%clk 1:32:04]} Be7
{[%clk 1:24:53]} 6. Bf4 {[%clk 1:32:21]} O-O {[%clk 1:25:09]} 7. Qd2
{[%clk 1:32:46]} a6 {[%clk 1:25:18]} 8. O-O-O {[%clk 1:33:02]} b5
{[%clk 1:25:36]} 9. f3 {[%clk 1:33:25]} Bb7 {[%clk 1:24:55]} 10. g4
{[%clk 1:31:27]} Nbd7 {[%clk 1:25:10]} 11. Nf5 {[%clk 1:28:36]} b4
{[%clk 1:22:20]} 12. Ne2 {[%clk 1:26:12]} a5 {[%clk 1:21:20]} 13. Neg3
{[%clk 1:26:30]} Nc5 {[%clk 1:19:20]} 14. g5 {[%clk 1:19:42]} Ne8
{[%clk 1:17:47]} 15. h4 {[%clk 1:19:33]} Rb8 {[%clk 1:11:23]} 16. h5
{[%clk 1:19:28]} Ne6 {[%clk 1:10:51]} 17. Nxe7+ {[%clk 1:19:52]} Qxe7
{[%clk 1:11:19]} 18. Nf5 {[%clk 1:20:14]} Qd7 {[%clk 1:10:04]} 19. Bc4
{[%clk 1:20:30]} a4 {[%clk 1:08:52]} 20. g6 {[%clk 1:17:46]} fxg6
{[%clk 0:55:59]} 21. hxg6 {[%clk 1:17:53]} hxg6 {[%clk 0:56:08]} 22. Qh2
{[%clk 1:18:16]} gxf5 {[%clk 0:55:12]} 23. Qh7+ {[%clk 1:18:39]} Kf7
{[%clk 0:55:34]} 24. exf5 {[%clk 1:19:06]} d5 {[%clk 0:52:40]} 25. Qg6+
{[%clk 1:19:26]} Ke7 {[%clk 0:52:36]} 26. fxe6 {[%clk 1:19:51]} 1-0

[Event "Festival"]
[Site "?"]
[Date "2016.02.17"]
[Round "2.4"]
[White "Brunner, Nicolas"]
[Black "Donchenko, Alexander"]
[Result "1/2-1/2"]
[LiveChessVersion "1.4.7"]
[BlackElo "2575"]
[WhiteElo "2438"]

1. d4 {[%clk 1:30:58]} Nf6 {[%clk 1:30:27]} 2. c4 {[%clk 1:31:23]} e6
{[%clk 1:30:41]} 3. Nc3 {[%clk 1:31:48]} Bb4 {[%clk 1:30:50]} 4. e3
{[%clk 1:32:13]} O-O {[%clk 1:30:23]} 5. Bd3 {[%clk 1:32:36]} d5 {[%clk 1:30:19]}
6. Nf3 {[%clk 1:33:00]} c5 {[%clk 1:30:27]} 7. O-O {[%clk 1:33:24]} cxd4
{[%clk 1:30:32]} 8. exd4 {[%clk 1:33:47]} dxc4 {[%clk 1:30:52]} 9. Bxc4
{[%clk 1:34:06]} b6 {[%clk 1:31:11]} 10. Bg5 {[%clk 1:33:24]} Bb7
{[%clk 1:31:08]} 11. Ne5 {[%clk 1:32:15]} Nbd7 {[%clk 1:29:23]} 12. Nxd7
{[%clk 1:30:17]} Qxd7 {[%clk 1:29:23]} 13. Bxf6 {[%clk 1:30:05]} gxf6
{[%clk 1:29:39]} 14. d5 {[%clk 1:29:16]} Bxc3 {[%clk 1:27:32]} 15. bxc3
{[%clk 1:29:28]} Bxd5 {[%clk 1:22:27]} 16. Qg4+ {[%clk 1:29:37]} Kh8
{[%clk 1:22:52]} 17. Qf4 {[%clk 1:29:23]} Bxc4 {[%clk 1:18:07]} 18. Qxf6+
{[%clk 1:29:36]} Kg8 {[%clk 1:18:33]} 19. Qg5+ {[%clk 1:30:01]} Kh8
{[%clk 1:18:59]} 20. Qf6+ {[%clk 1:30:27]} Kg8 {[%clk 1:19:25]} 21. Qg5+
{[%clk 1:30:53]} Kh8 {[%clk 1:19:51]} 1/2-1/2

[Event "Festival"]
[Site "?"]
[Date "2016.02.17"]
[Round "2.5"]
[White "Savina, Anastasia"]
[Black "Loiseau, Quentin"]
[Result "1/2-1/2"]
[LiveChessVersion "1.4.7"]
[BlackElo "2437"]
[WhiteElo "2401"]

1. d4 {[%clk 1:30:54]} d5 {[%clk 1:30:34]} 2. c4 {[%clk 1:31:21]} c6
{[%clk 1:31:01]} 3. Nc3 {[%clk 1:31:47]} Nf6 {[%clk 1:31:27]} 4. e3
{[%clk 1:32:13]} e6 {[%clk 1:31:52]} 5. Nf3 {[%clk 1:32:39]} Nbd7
{[%clk 1:32:18]} 6. Qc2 {[%clk 1:33:04]} Bd6 {[%clk 1:32:42]} 7. Bd3
{[%clk 1:33:29]} O-O {[%clk 1:32:58]} 8. O-O {[%clk 1:33:55]} dxc4
{[%clk 1:33:25]} 9. Bxc4 {[%clk 1:34:22]} b5 {[%clk 1:33:49]} 10. Bd3
{[%clk 1:34:00]} Bb7 {[%clk 1:34:05]} 11. a3 {[%clk 1:33:22]} Rc8
{[%clk 1:34:24]} 12. b4 {[%clk 1:25:55]} c5 {[%clk 1:34:21]} 13. bxc5
{[%clk 1:25:54]} Bxf3 {[%clk 1:34:36]} 14. gxf3 {[%clk 1:26:19]} Nxc5
{[%clk 1:34:42]} 15. dxc5 {[%clk 1:10:30]} Rxc5 {[%clk 1:34:20]} 16. f4
{[%clk 1:09:16]} Nd5 {[%clk 1:33:28]} 17. Bb2 {[%clk 1:08:44]} Nxc3
{[%clk 1:33:13]} 18. Bxc3 {[%clk 1:08:19]} Qc7 {[%clk 1:29:25]} 19. Rac1
{[%clk 1:01:15]} Rc8 {[%clk 1:28:32]} 20. Bxh7+ {[%clk 0:49:01]} Kh8
{[%clk 1:27:28]} 21. Qd2 {[%clk 0:48:10]} Rxc3 {[%clk 1:13:24]} 22. Rxc3
{[%clk 0:47:51]} Qxc3 {[%clk 1:13:48]} 23. Qxd6 {[%clk 0:47:40]} Kxh7
{[%clk 1:14:13]} 24. Qd7 {[%clk 0:46:58]} Rc7 {[%clk 1:13:58]} 25. Qd8
{[%clk 0:31:54]} Rc8 {[%clk 0:48:55]} 26. Qd7 {[%clk 0:31:04]} Rc7
{[%clk 0:48:45]} 27. Qd8 {[%clk 0:31:27]} Rc8 {[%clk 0:49:11]} 1/2-1/2

[Event "Festival"]
[Site "?"]
[Date "2016.02.18"]
[Round "3.1"]
[White "Arakhamia-Grant, Ketevan"]
[Black "Savina, Anastasia"]
[Result "1/2-1/2"]
[LiveChessVersion "1.4.7"]
[BlackElo "2401"]
[WhiteElo "2346"]

1. e4 {[%clk 1:30:59]} c5 {[%clk 1:30:42]} 2. Nf3 {[%clk 1:31:18]} e6
{[%clk 1:31:00]} 3. d4 {[%clk 1:30:57]} cxd4 {[%clk 1:31:20]} 4. Nxd4
{[%clk 1:31:22]} a6 {[%clk 1:30:56]} 5. Bd3 {[%clk 1:30:42]} Bc5 {[%clk 1:31:13]}
6. Nb3 {[%clk 1:31:06]} Ba7 {[%clk 1:31:10]} 7. Nc3 {[%clk 1:29:34]} Nc6
{[%clk 1:24:59]} 8. Qe2 {[%clk 1:29:29]} d6 {[%clk 1:24:45]} 9. Be3
{[%clk 1:28:55]} Nf6 {[%clk 1:22:57]} 10. O-O-O {[%clk 1:21:11]} b5
{[%clk 1:20:22]} 11. f4 {[%clk 1:18:07]} b4 {[%clk 1:17:06]} 12. Na4
{[%clk 1:13:00]} e5 {[%clk 1:16:25]} 13. Bxa7 {[%clk 1:02:38]} Rxa7
{[%clk 1:13:30]} 14. fxe5 {[%clk 0:34:14]} Nxe5 {[%clk 1:08:38]} 15. Qe3
{[%clk 0:33:35]} Re7 {[%clk 0:37:41]} 16. Qd4 {[%clk 0:29:13]} Nc6
{[%clk 0:26:02]} 17. Qb6 {[%clk 0:28:25]} Bb7 {[%clk 0:24:34]} 18. Rhe1
{[%clk 0:23:22]} O-O {[%clk 0:17:26]} 19. Qxd8 {[%clk 0:20:26]} Rxd8
{[%clk 0:16:51]} 20. Nb6 {[%clk 0:20:21]} Ng4 {[%clk 0:15:41]} 21. Nd5
{[%clk 0:16:13]} Re6 {[%clk 0:14:47]} 22. h3 {[%clk 0:16:21]} Nf2
{[%clk 0:11:49]} 23. Rd2 {[%clk 0:16:41]} Nxd3+ {[%clk 0:11:49]} 24. cxd3
{[%clk 0:15:52]} a5 {[%clk 0:11:46]} 25. Kd1 {[%clk 0:14:34]} Kf8
{[%clk 0:07:27]} 26. Rc2 {[%clk 0:12:52]} a4 {[%clk 0:07:14]} 27. Nc1
{[%clk 0:10:44]} Re5 {[%clk 0:03:11]} 28. Rc4 {[%clk 0:09:20]} a3
{[%clk 0:01:23]} 29. b3 {[%clk 0:06:54]} f5 {[%clk 0:00:35]} 30. Nxb4
{[%clk 0:06:11]} Na5 {[%clk 0:00:43]} 31. Rd4 {[%clk 0:03:24]} fxe4
{[%clk 0:00:41]} 32. dxe4 {[%clk 0:03:38]} Rg5 {[%clk 0:00:40]} 33. Re2
{[%clk 0:03:18]} Rg3 {[%clk 0:00:35]} 34. Nd5 {[%clk 0:02:48]} Nc6
{[%clk 0:00:34]} 35. Ra4 {[%clk 0:02:41]} Ne5 {[%clk 0:00:46]} 36. Rxa3
{[%clk 0:02:33]} Bxd5 {[%clk 0:01:09]} 37. exd5 {[%clk 0:02:33]} Rc8
{[%clk 0:01:05]} 38. Ra5 {[%clk 0:00:46]} Rgc3 {[%clk 0:00:41]} 39. Rf2+
{[%clk 0:01:11]} Kg8 {[%clk 0:00:46]} 40. Ne2 {[%clk 0:01:27]} Rd3+
{[%clk 0:00:55]} 41. Ke1 {[%clk 0:01:53]} h6 {[%clk 0:00:48]} 42. Rf4
{[%clk 0:00:39]} Rc2 {[%clk 0:00:42]} 43. Re4 {[%clk 0:00:47]} Rdd2
{[%clk 0:00:44]} 44. Kf2 {[%clk 0:00:38]} Nd3+ {[%clk 0:00:43]} 45. Kf3
{[%clk 0:00:52]} Ne1+ {[%clk 0:00:38]} 46. Kf2 {[%clk 0:01:12]} Nd3+
{[%clk 0:01:05]} 47. Kf3 {[%clk 0:01:19]} Ne1+ {[%clk 0:01:31]} 48. Kf2
{[%clk 0:01:39]} 1/2-1/2

[Event "Festival"]
[Site "?"]
[Date "2016.02.18"]
[Round "3.2"]
[White "Donchenko, Alexander"]
[Black "Paehtz, Elisabeth"]
[Result "1-0"]
[LiveChessVersion "1.4.7"]
[BlackElo "2472"]
[WhiteElo "2575"]

1. Nf3 {[%clk 1:30:57]} Nf6 {[%clk 1:30:39]} 2. c4 {[%clk 1:31:05]} g6
{[%clk 1:30:08]} 3. d4 {[%clk 1:31:11]} Bg7 {[%clk 1:30:33]} 4. g3
{[%clk 1:31:33]} O-O {[%clk 1:30:59]} 5. Bg2 {[%clk 1:31:58]} d6 {[%clk 1:31:26]}
6. Nc3 {[%clk 1:32:21]} c6 {[%clk 1:28:04]} 7. O-O {[%clk 1:32:26]} Qb6
{[%clk 1:28:32]} 8. b3 {[%clk 1:31:27]} e5 {[%clk 1:26:03]} 9. d5
{[%clk 1:30:48]} Qa5 {[%clk 1:12:57]} 10. Bb2 {[%clk 1:20:41]} Rd8
{[%clk 0:58:44]} 11. e4 {[%clk 1:19:05]} Na6 {[%clk 0:58:44]} 12. a3
{[%clk 1:18:07]} Bg4 {[%clk 0:57:05]} 13. h3 {[%clk 1:15:41]} Bxf3
{[%clk 0:57:28]} 14. Qxf3 {[%clk 1:15:11]} Qc7 {[%clk 0:49:28]} 15. Bc1
{[%clk 1:05:17]} Nc5 {[%clk 0:46:19]} 16. Rb1 {[%clk 1:04:25]} Ncd7
{[%clk 0:42:32]} 17. h4 {[%clk 0:55:26]} Rdc8 {[%clk 0:40:22]} 18. Bh3
{[%clk 0:53:26]} Rf8 {[%clk 0:26:10]} 19. Rd1 {[%clk 0:48:50]} c5
{[%clk 0:22:15]} 20. Bg5 {[%clk 0:45:02]} a6 {[%clk 0:22:38]} 21. b4
{[%clk 0:37:35]} b6 {[%clk 0:17:41]} 22. Rb2 {[%clk 0:35:46]} h6 {[%clk 0:15:52]}
23. Bd2 {[%clk 0:34:05]} cxb4 {[%clk 0:13:15]} 24. Rxb4 {[%clk 0:34:12]} a5
{[%clk 0:11:32]} 25. Nb5 {[%clk 0:33:03]} Qd8 {[%clk 0:11:46]} 26. Rb2
{[%clk 0:32:06]} Nc5 {[%clk 0:12:03]} 27. Nc3 {[%clk 0:29:19]} Nfd7
{[%clk 0:10:53]} 28. h5 {[%clk 0:24:57]} f5 {[%clk 0:08:34]} 29. hxg6
{[%clk 0:24:01]} fxe4 {[%clk 0:08:06]} 30. Qh5 {[%clk 0:23:52]} e3
{[%clk 0:03:23]} 31. Bxe3 {[%clk 0:23:28]} e4 {[%clk 0:03:51]} 32. Bxh6
{[%clk 0:20:40]} Nf6 {[%clk 0:01:47]} 33. Qh4 {[%clk 0:20:22]} Bxh6
{[%clk 0:02:00]} 34. Qxh6 {[%clk 0:20:37]} Ra7 {[%clk 0:02:16]} 35. Na4
{[%clk 0:17:28]} 1-0

[Event "Festival"]
[Site "?"]
[Date "2016.02.18"]
[Round "3.3"]
[White "Loiseau, Quentin"]
[Black "Brunner, Nicolas"]
[Result "1/2-1/2"]
[LiveChessVersion "1.4.7"]
[BlackElo "2438"]
[WhiteElo "2437"]

1. d4 {[%clk 1:30:57]} Nf6 {[%clk 1:30:55]} 2. c4 {[%clk 1:31:04]} e6
{[%clk 1:31:21]} 3. Nf3 {[%clk 1:30:52]} d5 {[%clk 1:31:45]} 4. Nc3
{[%clk 1:31:14]} Bb4 {[%clk 1:32:09]} 5. cxd5 {[%clk 1:31:28]} exd5
{[%clk 1:32:34]} 6. Bg5 {[%clk 1:31:52]} Nbd7 {[%clk 1:32:58]} 7. e3
{[%clk 1:31:45]} c5 {[%clk 1:33:19]} 8. Be2 {[%clk 1:31:48]} Qa5 {[%clk 1:33:39]}
9. O-O {[%clk 1:31:45]} Bxc3 {[%clk 1:33:16]} 10. bxc3 {[%clk 1:31:29]} c4
{[%clk 1:33:39]} 11. Nd2 {[%clk 1:31:10]} Qxc3 {[%clk 1:33:55]} 12. Rc1
{[%clk 1:20:08]} Qa5 {[%clk 1:32:33]} 13. e4 {[%clk 1:20:24]} dxe4
{[%clk 1:23:48]} 14. Bxf6 {[%clk 1:19:34]} Nxf6 {[%clk 1:23:54]} 15. Nxc4
{[%clk 1:19:48]} Qb4 {[%clk 1:15:53]} 16. a3 {[%clk 1:01:34]} Qe7
{[%clk 1:15:51]} 17. d5 {[%clk 1:01:46]} O-O {[%clk 1:15:01]} 18. Qd4
{[%clk 1:00:12]} Rd8 {[%clk 0:59:39]} 19. d6 {[%clk 0:58:10]} Qe6
{[%clk 0:50:12]} 20. Rfd1 {[%clk 0:57:01]} Ne8 {[%clk 0:48:09]} 21. Rb1
{[%clk 0:52:09]} b6 {[%clk 0:42:52]} 22. Rb5 {[%clk 0:47:33]} Bb7
{[%clk 0:41:04]} 23. d7 {[%clk 0:35:08]} Nc7 {[%clk 0:40:26]} 24. Rg5
{[%clk 0:20:29]} Qh6 {[%clk 0:34:58]} 25. Rf5 {[%clk 0:19:16]} Ne6
{[%clk 0:22:52]} 26. Qd6 {[%clk 0:16:19]} Ba6 {[%clk 0:15:25]} 27. Bf1
{[%clk 0:07:25]} Qg6 {[%clk 0:07:11]} 28. Rfd5 {[%clk 0:03:15]} Bb7
{[%clk 0:06:43]} 29. Ne5 {[%clk 0:02:56]} Qf6 {[%clk 0:06:28]} 30. Nc6
{[%clk 0:02:12]} Bxc6 {[%clk 0:06:47]} 31. Qxc6 {[%clk 0:02:40]} Rab8
{[%clk 0:04:39]} 32. Rd6 {[%clk 0:02:42]} Qe5 {[%clk 0:03:54]} 33. R1d5
{[%clk 0:01:06]} Qa1 {[%clk 0:04:12]} 34. Rxe6 {[%clk 0:00:38]} fxe6
{[%clk 0:04:37]} 35. Qxe6+ {[%clk 0:01:05]} Kh8 {[%clk 0:05:04]} 36. Re5
{[%clk 0:01:25]} Qxa3 {[%clk 0:04:03]} 37. h4 {[%clk 0:00:59]} Rf8
{[%clk 0:02:14]} 38. Rxe4 {[%clk 0:00:47]} Qb2 {[%clk 0:01:36]} 39. f3
{[%clk 0:00:41]} Rbd8 {[%clk 0:00:51]} 40. Qd6 {[%clk 0:00:42]} Qf6
{[%clk 0:00:54]} 41. Qc7 {[%clk 0:00:36]} g6 {[%clk 0:01:07]} 42. Qxa7
{[%clk 0:00:46]} Qg7 {[%clk 0:00:36]} 43. Bb5 {[%clk 0:00:44]} Qb2
{[%clk 0:00:56]} 44. Be2 {[%clk 0:00:32]} Qc1+ {[%clk 0:00:37]} 45. Kh2
{[%clk 0:00:51]} Qb2 {[%clk 0:00:38]} 46. Qc7 {[%clk 0:00:59]} Qf6
{[%clk 0:00:43]} 47. Bb5 {[%clk 0:00:49]} Kg7 {[%clk 0:00:47]} 48. Kg1
{[%clk 0:00:44]} Qa1+ {[%clk 0:01:10]} 49. Kh2 {[%clk 0:01:10]} Qf6
{[%clk 0:01:37]} 50. Kg1 {[%clk 0:00:35]} Qa1+ {[%clk 0:02:02]} 51. Bf1
{[%clk 0:00:39]} Qd1 {[%clk 0:00:53]} 52. Qe5+ {[%clk 0:01:02]} Kg8
{[%clk 0:00:41]} 53. Rd4 {[%clk 0:01:05]} Qc1 {[%clk 0:00:41]} 54. Qe6+
{[%clk 0:01:00]} Kh8 {[%clk 0:01:03]} 55. Qe5+ {[%clk 0:00:40]} Kg8
{[%clk 0:01:30]} 56. Qe6+ {[%clk 0:00:31]} Kh8 {[%clk 0:01:58]} 57. Rd5
{[%clk 0:00:35]} Qb2 {[%clk 0:01:45]} 58. Qc6 {[%clk 0:00:32]} Qf6
{[%clk 0:00:52]} 59. Rd6 {[%clk 0:00:58]} Qb2 {[%clk 0:00:32]} 60. Rd5
{[%clk 0:00:31]} Qf6 {[%clk 0:00:48]} 61. Rd6 {[%clk 0:00:57]} Qb2
{[%clk 0:01:16]} 62. Qe4 {[%clk 0:00:46]} Qg7 {[%clk 0:01:03]} 63. Bb5
{[%clk 0:00:50]} Qb2 {[%clk 0:01:08]} 64. Bf1 {[%clk 0:00:36]} Qc3
{[%clk 0:01:27]} 65. Kh1 {[%clk 0:00:33]} Qa1 {[%clk 0:01:38]} 66. Kg1
{[%clk 0:00:47]} Qc3 {[%clk 0:01:49]} 67. Rd5 {[%clk 0:00:46]} Qf6
{[%clk 0:01:07]} 68. Bb5 {[%clk 0:00:45]} Qf4 {[%clk 0:00:34]} 69. Qe7
{[%clk 0:01:03]} Qf6 {[%clk 0:00:35]} 70. Qe4 {[%clk 0:00:43]} Qf4
{[%clk 0:01:01]} 71. Qe7 {[%clk 0:00:36]} Qf6 {[%clk 0:01:28]} 72. Qe4
{[%clk 0:00:37]} Qf4 {[%clk 0:01:53]} 73. Qe7 {[%clk 0:01:04]} 1/2-1/2

[Event "Festival"]
[Site "?"]
[Date "2016.02.18"]
[Round "3.5"]
[White "Maisuradze, Nino"]
[Black "Bailet, Pierre"]
[Result "0-1"]
[LiveChessVersion "1.4.7"]
[BlackElo "2509"]
[WhiteElo "2302"]

1. d4 {[%clk 1:30:59]} Nf6 {[%clk 1:30:41]} 2. c4 {[%clk 1:31:23]} e6
{[%clk 1:31:01]} 3. Nc3 {[%clk 1:31:40]} Bb4 {[%clk 1:31:15]} 4. e3
{[%clk 1:31:46]} d5 {[%clk 1:30:21]} 5. a3 {[%clk 1:30:57]} Bxc3+
{[%clk 1:30:21]} 6. bxc3 {[%clk 1:31:26]} c6 {[%clk 1:30:41]} 7. Nf3
{[%clk 1:29:17]} O-O {[%clk 1:29:39]} 8. Bd3 {[%clk 1:28:58]} b6 {[%clk 1:29:37]}
9. O-O {[%clk 1:27:06]} Ba6 {[%clk 1:28:34]} 10. Ne5 {[%clk 1:26:33]} Nfd7
{[%clk 1:25:45]} 11. Nxd7 {[%clk 1:24:39]} Nxd7 {[%clk 1:21:30]} 12. cxd5
{[%clk 1:24:05]} Bxd3 {[%clk 1:21:51]} 13. Qxd3 {[%clk 1:24:26]} cxd5
{[%clk 1:22:15]} 14. c4 {[%clk 1:24:10]} Nf6 {[%clk 1:21:49]} 15. Bd2
{[%clk 1:23:15]} Qd7 {[%clk 1:17:27]} 16. a4 {[%clk 1:21:46]} Rfc8
{[%clk 1:13:20]} 17. Rfc1 {[%clk 1:19:48]} dxc4 {[%clk 1:04:12]} 18. Rxc4
{[%clk 1:20:11]} Rxc4 {[%clk 1:02:13]} 19. Qxc4 {[%clk 1:20:40]} Rc8
{[%clk 1:02:36]} 20. Qb3 {[%clk 1:17:14]} e5 {[%clk 0:59:28]} 21. Rd1
{[%clk 1:09:05]} e4 {[%clk 0:49:48]} 22. Rc1 {[%clk 1:04:28]} Rxc1+
{[%clk 0:45:41]} 23. Bxc1 {[%clk 1:04:57]} Qc6 {[%clk 0:45:42]} 24. Bd2
{[%clk 1:03:52]} h6 {[%clk 0:45:31]} 25. h3 {[%clk 1:02:06]} Nd5 {[%clk 0:44:07]}
26. Kf1 {[%clk 1:00:20]} Kh7 {[%clk 0:40:26]} 27. Ke2 {[%clk 0:59:53]} f5
{[%clk 0:36:09]} 28. Ke1 {[%clk 0:44:10]} a6 {[%clk 0:35:24]} 29. Kd1
{[%clk 0:39:03]} b5 {[%clk 0:30:36]} 30. axb5 {[%clk 0:34:37]} axb5
{[%clk 0:29:28]} 31. Qa3 {[%clk 0:14:03]} Qc4 {[%clk 0:22:33]} 32. Qc5
{[%clk 0:11:06]} Qxc5 {[%clk 0:17:52]} 33. dxc5 {[%clk 0:11:35]} Kg6
{[%clk 0:18:11]} 34. f3 {[%clk 0:02:26]} Kf7 {[%clk 0:18:19]} 35. g4
{[%clk 0:01:46]} g6 {[%clk 0:12:18]} 36. gxf5 {[%clk 0:02:14]} gxf5
{[%clk 0:12:41]} 37. fxe4 {[%clk 0:02:40]} fxe4 {[%clk 0:13:08]} 38. Ke2
{[%clk 0:03:00]} Ke6 {[%clk 0:12:26]} 39. Kf2 {[%clk 0:02:42]} b4
{[%clk 0:11:41]} 40. Kg3 {[%clk 0:01:46]} b3 {[%clk 0:08:47]} 41. Bc1
{[%clk 0:02:04]} Nc3 {[%clk 0:09:10]} 42. Ba3 {[%clk 0:01:02]} Nd5
{[%clk 0:07:25]} 43. Bc1 {[%clk 0:00:54]} Nb4 {[%clk 0:07:08]} 44. Ba3
{[%clk 0:00:50]} Kd5 {[%clk 0:05:55]} 45. Kf4 {[%clk 0:00:40]} Nd3+
{[%clk 0:05:04]} 46. Kf5 {[%clk 0:01:06]} Nxc5 {[%clk 0:03:41]} 47. Kg6
{[%clk 0:01:22]} Kc4 {[%clk 0:02:06]} 48. Kxh6 {[%clk 0:01:13]} Kd3
{[%clk 0:01:58]} 49. Kg5 {[%clk 0:00:56]} Kxe3 {[%clk 0:02:22]} 50. h4
{[%clk 0:00:41]} Ne6+ {[%clk 0:01:58]} 51. Kf6 {[%clk 0:00:51]} Nf4
{[%clk 0:02:06]} 52. Kf5 {[%clk 0:00:34]} Kf3 {[%clk 0:02:19]} 0-1

[Event "Festival"]
[Site "?"]
[Date "2016.02.18"]
[Round "4.1"]
[White "Fier, Alexandr"]
[Black "Bailet, Pierre"]
[Result "1-0"]
[LiveChessVersion "1.4.7"]
[BlackElo "2509"]
[WhiteElo "2608"]

1. d4 {[%clk 1:30:58]} Nf6 {[%clk 1:30:51]} 2. c4 {[%clk 1:31:25]} e6
{[%clk 1:31:15]} 3. Nc3 {[%clk 1:31:52]} Bb4 {[%clk 1:31:38]} 4. e3
{[%clk 1:32:19]} O-O {[%clk 1:32:01]} 5. Nge2 {[%clk 1:32:48]} d5
{[%clk 1:32:18]} 6. a3 {[%clk 1:33:14]} Be7 {[%clk 1:32:44]} 7. cxd5
{[%clk 1:33:41]} exd5 {[%clk 1:33:07]} 8. Nf4 {[%clk 1:34:08]} c6
{[%clk 1:33:30]} 9. Bd3 {[%clk 1:34:35]} Na6 {[%clk 1:33:46]} 10. O-O
{[%clk 1:34:08]} Nc7 {[%clk 1:34:02]} 11. Nfe2 {[%clk 1:34:29]} Bg4
{[%clk 1:22:58]} 12. f3 {[%clk 1:34:54]} Bh5 {[%clk 1:23:22]} 13. Nf4
{[%clk 1:34:09]} Bg6 {[%clk 1:23:14]} 14. Nxg6 {[%clk 1:34:34]} hxg6
{[%clk 1:23:40]} 15. Bd2 {[%clk 1:34:42]} c5 {[%clk 1:18:36]} 16. dxc5
{[%clk 1:23:05]} Bxc5 {[%clk 1:15:14]} 17. b4 {[%clk 1:23:03]} Bxe3+
{[%clk 1:06:44]} 18. Bxe3 {[%clk 1:23:28]} d4 {[%clk 1:07:08]} 19. Bxg6
{[%clk 1:19:29]} dxe3 {[%clk 1:06:24]} 20. Be4 {[%clk 1:19:55]} Nxe4
{[%clk 1:03:17]} 21. fxe4 {[%clk 1:20:22]} Rc8 {[%clk 0:53:18]} 22. Qf3
{[%clk 1:16:07]} Qd2 {[%clk 0:35:21]} 23. Rac1 {[%clk 1:15:53]} f6
{[%clk 0:35:36]} 24. Nb1 {[%clk 1:05:52]} Qd4 {[%clk 0:33:38]} 25. Rfe1
{[%clk 1:04:55]} Ne6 {[%clk 0:30:40]} 26. Rcd1 {[%clk 1:05:21]} Qb6
{[%clk 0:28:54]} 27. Qxe3 {[%clk 1:05:46]} Rc2 {[%clk 0:28:41]} 28. Qxb6
{[%clk 1:06:12]} axb6 {[%clk 0:29:07]} 29. Rd7 {[%clk 1:00:36]} Rfc8
{[%clk 0:26:03]} 30. h4 {[%clk 0:56:57]} Ra2 {[%clk 0:20:48]} 31. Rd2
{[%clk 0:56:43]} Rxd2 {[%clk 0:17:31]} 32. Nxd2 {[%clk 0:57:09]} Rc2
{[%clk 0:17:57]} 33. Nf1 {[%clk 0:56:03]} Nf4 {[%clk 0:16:57]} 34. Ne3
{[%clk 0:56:22]} Ra2 {[%clk 0:17:16]} 35. Rd1 {[%clk 0:54:16]} Re2
{[%clk 0:16:19]} 36. Rd8+ {[%clk 0:54:07]} Kf7 {[%clk 0:14:52]} 37. Nd5
{[%clk 0:53:06]} Rxg2+ {[%clk 0:11:07]} 38. Kf1 {[%clk 0:53:33]} Rg4
{[%clk 0:11:32]} 39. Rd6 {[%clk 0:51:21]} Nxd5 {[%clk 0:04:13]} 40. exd5
{[%clk 0:51:47]} Rxh4 {[%clk 0:03:49]} 41. Rxb6 {[%clk 0:52:14]} Ke7
{[%clk 0:04:07]} 42. a4 {[%clk 0:50:01]} Kd8 {[%clk 0:03:33]} 43. Rxb7
{[%clk 0:50:20]} Kc8 {[%clk 0:03:40]} 44. Rb6 {[%clk 0:50:45]} Kc7
{[%clk 0:02:37]} 45. a5 {[%clk 0:51:12]} Rd4 {[%clk 0:02:54]} 46. Rb5
{[%clk 0:51:41]} Rd1+ {[%clk 0:02:11]} 47. Ke2 {[%clk 0:52:08]} Ra1
{[%clk 0:02:38]} 48. Rb6 {[%clk 0:52:07]} f5 {[%clk 0:02:52]} 49. Kd3
{[%clk 0:52:15]} f4 {[%clk 0:03:00]} 50. Rg6 {[%clk 0:51:20]} f3 {[%clk 0:03:01]}
51. Ke3 {[%clk 0:50:45]} Ra3+ {[%clk 0:03:28]} 52. Kf2 {[%clk 0:51:12]} Rb3
{[%clk 0:03:13]} 53. Rxg7+ {[%clk 0:51:38]} Kd6 {[%clk 0:03:35]} 54. Rb7
{[%clk 0:52:06]} Kxd5 {[%clk 0:03:44]} 55. a6 {[%clk 0:52:35]} Ke4
{[%clk 0:02:26]} 56. Re7+ {[%clk 0:51:12]} Kd5 {[%clk 0:01:40]} 57. a7
{[%clk 0:51:20]} Ra3 {[%clk 0:02:04]} 58. b5 {[%clk 0:51:47]} 1-0

[Event "Festival"]
[Site "?"]
[Date "2016.02.18"]
[Round "4.2"]
[White "Karavade, Eesha"]
[Black "Donchenko, Alexander"]
[Result "0-1"]
[LiveChessVersion "1.4.7"]
[BlackElo "2575"]
[WhiteElo "2400"]

1. d4 {[%clk 1:30:47]} Nf6 {[%clk 1:30:39]} 2. c4 {[%clk 1:31:09]} e6
{[%clk 1:30:30]} 3. g3 {[%clk 1:31:08]} c5 {[%clk 1:30:45]} 4. Nf3
{[%clk 1:31:18]} cxd4 {[%clk 1:31:07]} 5. Nxd4 {[%clk 1:31:43]} d5
{[%clk 1:31:27]} 6. Bg2 {[%clk 1:32:05]} e5 {[%clk 1:31:46]} 7. Nb3
{[%clk 1:30:21]} d4 {[%clk 1:31:49]} 8. O-O {[%clk 1:30:43]} Nc6 {[%clk 1:32:09]}
9. f4 {[%clk 1:31:05]} Be7 {[%clk 1:32:24]} 10. Na3 {[%clk 1:19:39]} e4
{[%clk 1:31:34]} 11. f5 {[%clk 1:14:39]} O-O {[%clk 1:27:49]} 12. Nb5
{[%clk 1:07:15]} d3 {[%clk 1:11:22]} 13. exd3 {[%clk 1:01:26]} exd3
{[%clk 1:11:27]} 14. Qf3 {[%clk 0:48:25]} a6 {[%clk 0:51:14]} 15. Nc3
{[%clk 0:48:08]} a5 {[%clk 0:51:08]} 16. Na4 {[%clk 0:39:31]} Nb4
{[%clk 0:36:17]} 17. Be3 {[%clk 0:32:20]} Bd7 {[%clk 0:35:24]} 18. Bb6
{[%clk 0:23:05]} Qc8 {[%clk 0:29:44]} 19. Bc5 {[%clk 0:19:26]} Bxc5+
{[%clk 0:28:02]} 20. Nbxc5 {[%clk 0:19:51]} Bc6 {[%clk 0:28:13]} 21. Qf2
{[%clk 0:20:19]} Bxg2 {[%clk 0:26:00]} 22. Qxg2 {[%clk 0:15:29]} b6
{[%clk 0:19:19]} 23. Nb3 {[%clk 0:15:36]} Rb8 {[%clk 0:19:07]} 24. Rf4
{[%clk 0:14:07]} Re8 {[%clk 0:16:42]} 25. a3 {[%clk 0:11:03]} Nc2
{[%clk 0:15:59]} 26. Rc1 {[%clk 0:11:31]} Re2 {[%clk 0:15:25]} 27. Qf3
{[%clk 0:11:57]} Ne1 {[%clk 0:14:05]} 28. Qh1 {[%clk 0:10:07]} Qe8
{[%clk 0:13:21]} 29. Kf1 {[%clk 0:08:35]} Qxa4 {[%clk 0:12:54]} 30. Nd4
{[%clk 0:09:03]} d2 {[%clk 0:12:23]} 0-1